| 000 | 00409nam a2200157Ia 4500 | ||
|---|---|---|---|
| 003 | LK-CoDNM | ||
| 008 | 010623t1969 xxu||||| |||| 00| 1 eng d | ||
| 040 |
_aLK-CoDNM _dLK-CoDNM _eLK-CoDNM |
||
| 041 | _aeng | ||
| 080 |
_a392.3 _bLEV |
||
| 100 | _aLevi -Strauss,Claude | ||
| 245 | _aThe Elementary Structures of Kinship | ||
| 260 |
_bEyre Spottiswoode _aLondon _c1969 |
||
| 300 | _b541p, 23 cm | ||
| 942 | _cBK | ||
| 999 |
_c107840 _d107840 |
||